| 000 | 01035cab a2200289 4500 | ||
|---|---|---|---|
| 001 | ABS59446 | ||
| 008 | 090401t1998 xxu||||| |||| 00| 0 eng d | ||
| 035 | _a(Sirsi) u89152 | ||
| 041 | _aeng | ||
| 100 | _aPrisk, M. | ||
| 245 | _aHow to unlock the potential of brownfield sites | ||
| 260 | _c1998 | ||
| 350 | _a0 | ||
| 490 |
_aCSM _bChartered Surveyor Monthly _v8(2) October 1998, 25-26(2) |
||
| 520 | _aSeeks to cut through the `hype and doom-mongers` to assess the true level of brownfield redevelopment. Finds that there is increased pace in utilising derelict sites, but that there are significant obstacles to be overcome in remediation methods and affordable risk management. | ||
| 650 | _aBROWNFIELD SITES | ||
| 650 | _aCONTAMINATED LAND | ||
| 650 | _aDERELICT SITES | ||
| 650 | _aHOUSING DEVELOPMENT | ||
| 650 | _aLAND POLLUTION | ||
| 650 | _aLANDFILL SITES | ||
| 650 | _aREMEDIATION METHODS | ||
| 650 | _aRISK MANAGEMENT | ||
| 690 | _aPROPERTY-PROPERTY DEVELOPMENT | ||
| 942 | _n0 | ||
| 948 | _c21/10/1998 | ||
| 999 |
_c56377 _d56377 |
||